| 000 | 00000nam##2200000za#4500 |
| 001 | 9.613407 |
| 003 | CaOODSP |
| 005 | 20220111083432 |
| 007 | ta |
| 008 | 150406|1996||||xxc||||| f|0| 0 eng|d |
| 020 | |a0-662-25156-3 |
| 022 | |a1713-0638 |
| 040 | |aCaOODSP|beng |
| 043 | |an-cn--- |
| 086 | 1 |aNE22-1/1996-17E |
| 110 | 1 |aCanada. |bNational Energy Board. |
| 245 | 10|aIn the matter of TransCanada Pipelines Limited : |bapplication dated 3 April 1996, as amended, for 1997 and 1998 facilities |
| 260 | |aCalgary - Alberta : |bNational Energy Board |cNovember, 1996. |
| 300 | |axi, 59p. : |bfig., tables ; |c28 cm. |
| 490 | 1 |aReasons for decision|x1713-0638 |
| 563 | |aSoftcover |
| 590 | |a96-49|b1996-12-06 |
| 775 | 08|tRelativement à TransCanada Pipelines Limited : |w(CaOODSP)9.624070 |
| 776 | 0#|tReasons for decision in the matter of TransCanada PipeLines Limited : |w(CaOODSP)9.572485 |
| 830 | #0|aReasons for decision (Canada. National Energy Board)|x1713-0638|w(CaOODSP)9.514808 |
| 986 | |aGH-3-96 |